| 000 | 00632nam a2200181Ia 4500 | ||
|---|---|---|---|
| 003 | GCL | ||
| 008 | 140319s9999 xx 000 0 ara d | ||
| 040 |
_aGCL / _cGCL |
||
| 082 | 0 | 4 |
_a693 _bم ك |
| 100 | 1 | _aمحمد ماجد عباس خلوصى | |
| 245 | 1 | 0 |
_aالكميات والمواصفات ومعدلات لاداء لاعمال البناء ط3 ج2 / _cمحمد ماجد عباس خلوصى |
| 260 |
_a[S.N] : _bلجنة الاعلام والدراسات المستقبلية ، _c1991 |
||
| 300 | _a552 ص | ||
| 490 | _a | ||
| 650 | 0 | 4 | _aالاعمال الانشائية |
| 650 | 0 | 4 | _aالمبانى |
| 942 |
_2ddc _cBK |
||
| 999 |
_c52648 _d52648 |
||